00759nam a2200181 a 450000100100000000500170001000800410002704000250006808200160009311000690010924501290017826000330030730000270034050000270036771000520039495201140044699900170056000001418320250221073754.0091207s1971 dr a r 000 0 spa d aDO-SdBNPbspacBNPHU axxxxbR426c1 aRepública Dominicana.bOficina Nacional de Estadística9577510aCenso nacional de población y habitación 9 y 10 Enero 1970 :bnormas de crítica para las informaciones de población. aSanto Domingo :bONE,c1971. a38 p. :bil. ;c28 cm. aBoletín censal no. 42 aSecretariado Técnico de la Presidencia932046 0010718PDaPDbPDcCTd2009-12-07iLF1l0oxxxx R426cp14183-10r2020-06-25w2020-06-25yLFPDZNo se presta c13784d13784